100-200 Digits of Pi - Statistics

General Stats
  • This quiz has been taken 2,138 times
  • The average score is 63 of 100
Answer Stats
% Correct
9
99%
8
95%
2
93%
1
92%
4
92%
0
89%
8
89%
8
89%
5
88%
6
88%
1
86%
2
85%
3
85%
2
84%
8
84%
3
83%
0
82%
4
81%
6
81%
6
81%
7
80%
0
78%
9
77%
3
76%
4
75%
8
75%
4
73%
6
73%
0
72%
5
72%
5
72%
5
72%
9
72%
0
71%
2
71%
8
71%
2
70%
3
70%
1
69%
7
69%
2
68%
3
68%
5
68%
5
67%
9
67%
4
66%
0
65%
1
65%
8
65%
2
64%
8
64%
4
62%
1
61%
8
61%
1
60%
1
60%
4
59%
7
59%
5
58%
0
57%
2
56%
4
55%
8
55%
0
54%
1
54%
2
54%
7
53%
0
52%
1
51%
3
50%
5
50%
8
50%
9
50%
1
48%
2
48%
1
47%
0
46%
5
46%
5
46%
5
46%
4
45%
9
45%
2
44%
2
44%
4
44%
4
44%
6
44%
6
44%
9
44%
8
43%
9
43%
5
40%
4
39%
3
38%
3
38%
8
38%
9
38%
0
37%
1
37%
9
37%
No matching quizzes found
Score Distribution
Percent of People with Each Score
Percentile by Number Answered
Your Score History
You have not taken this quiz